<?xml version='1.0' encoding='UTF-8'?>
  <record xmlns="http://www.loc.gov/MARC21/slim">
    <leader>00000cem a2200000 i 4500</leader>
    <controlfield tag="001">ocm71568730</controlfield>
    <controlfield tag="003">OCoLC</controlfield>
    <controlfield tag="005">20251014190213.7</controlfield>
    <controlfield tag="007">au cuuun</controlfield>
    <controlfield tag="008">060923s1740    ne        a     0   dut d</controlfield>
    <datafield tag="040" ind1=" " ind2=" ">
      <subfield code="a">NLGGC</subfield>
      <subfield code="b">dut</subfield>
      <subfield code="e">fobidrtb</subfield>
      <subfield code="c">NLGGC</subfield>
      <subfield code="d">DEBSZ</subfield>
      <subfield code="d">QGJ</subfield>
      <subfield code="d">OCLCQ</subfield>
      <subfield code="d">L2U</subfield>
      <subfield code="d">QGK</subfield>
      <subfield code="d">OCLCO</subfield>
      <subfield code="d">OCLCQ</subfield>
      <subfield code="d">OCLCL</subfield>
      <subfield code="d">OCLCO</subfield>
    </datafield>
    <datafield tag="029" ind1="0" ind2=" ">
      <subfield code="a">NLGGC</subfield>
      <subfield code="b">23658216X</subfield>
    </datafield>
    <datafield tag="029" ind1="1" ind2=" ">
      <subfield code="a">DEBSZ</subfield>
      <subfield code="b">366751220</subfield>
    </datafield>
    <datafield tag="035" ind1=" " ind2=" ">
      <subfield code="a">(OCoLC)71568730</subfield>
    </datafield>
    <datafield tag="084" ind1=" " ind2=" ">
      <subfield code="a">74.20</subfield>
      <subfield code="2">bcl</subfield>
    </datafield>
    <datafield tag="100" ind1="1" ind2=" ">
      <subfield code="a">Quacq, J.</subfield>
    </datafield>
    <datafield tag="245" ind1="1" ind2="0">
      <subfield code="a">Afbeeldinge van de Maes van de stadt Rotterdam tot in zee, met de aengelege steden, plaetsen, sanden, drooghten en goersen, soo als die tegenwoordigh bevaren wert /</subfield>
      <subfield code="c">int licht gebracht door Jacob Quacq ... 1665 ; waarin vertoond word de tegenwoordige gedaante van het eyland Roozenburg met zyne onlangs aangedykte polders en landeryen, bestaande int Oudt en Nieuw Roozenburg, Blankenburg, de Ruyge Plaat, de Lange Plaat, het Kooyland en de Krabbe, alsmede de tegenwoordige gesteltheydt en aanwasch van den Hoek van Holland ; verbeterd en uytgegeven door R. en I. Ottens Amsterdam 1740.</subfield>
    </datafield>
    <datafield tag="260" ind1=" " ind2=" ">
      <subfield code="a">Amsterdam :</subfield>
      <subfield code="b">R. en I. Ottens,</subfield>
      <subfield code="c">1740.</subfield>
    </datafield>
    <datafield tag="300" ind1=" " ind2=" ">
      <subfield code="a">4 losse bladen. :</subfield>
      <subfield code="b">kopergravure. ;</subfield>
      <subfield code="c">elk blad 48,5 x 35,5 cm</subfield>
    </datafield>
    <datafield tag="336" ind1=" " ind2=" ">
      <subfield code="a">cartografische afbeelding</subfield>
      <subfield code="b">cri</subfield>
      <subfield code="2">rdacontent/dut</subfield>
    </datafield>
    <datafield tag="337" ind1=" " ind2=" ">
      <subfield code="a">zonder medium</subfield>
      <subfield code="b">n</subfield>
      <subfield code="2">rdamedia/dut</subfield>
    </datafield>
    <datafield tag="510" ind1="3" ind2=" ">
      <subfield code="a">Lit.: Roterodamum Illustratum p. 122 nr. 87; Donkersloot-de Vrij, Topografische kaarten van Nederland vóór 1750, nr. 769b</subfield>
    </datafield>
    <datafield tag="650" ind1=" " ind2="7">
      <subfield code="a">74.20 geography of The Netherlands.</subfield>
      <subfield code="0">(NL-LeOCL)169910598</subfield>
      <subfield code="2">bcl</subfield>
    </datafield>
    <datafield tag="651" ind1=" " ind2="7">
      <subfield code="a">Maas.</subfield>
      <subfield code="0">(NL-LeOCL)078580315.</subfield>
      <subfield code="2">gtt</subfield>
    </datafield>
    <datafield tag="651" ind1=" " ind2="7">
      <subfield code="a">Rotterdam (stad)</subfield>
      <subfield code="0">(NL-LeOCL)089602668.</subfield>
      <subfield code="2">gtt</subfield>
    </datafield>
    <datafield tag="655" ind1=" " ind2="4">
      <subfield code="a">Electronic maps.</subfield>
    </datafield>
    <datafield tag="700" ind1="1" ind2=" ">
      <subfield code="a">Ottens, Reinier,</subfield>
      <subfield code="d">1698-1750</subfield>
      <subfield code="1">https://id.oclc.org/worldcat/entity/E39PBJf8pMH8RvfQtGTbwM9VYP</subfield>
    </datafield>
    <datafield tag="700" ind1="1" ind2=" ">
      <subfield code="a">Ottens, I.</subfield>
    </datafield>
    <datafield tag="936" ind1=" " ind2=" ">
      <subfield code="a">BATCHLOAD</subfield>
    </datafield>
  </record>